[Event "FIDE Grand Swiss Tournament 2019"]
[Site "Douglas ENG"]
[Date "2019.10.18"]
[Round "8"]
[White "Volokitin, Andrei"]
[Black "Harikrishna, Pentala"]
[Result "1/2-1/2"]
[WhiteElo "2627"]
[BlackElo "2748"]
[PlyCount "78"]
[EventDate "2019.10.10"]

1. e4 e5 2. Nf3 Nc6 3. Bb5 g6 4. d4 exd4 5. Bg5 Be7 6. Bxe7 Qxe7 7. O-O Nf6 8.
Re1 O-O 9. e5 Nh5 10. c3 d5 11. cxd4 Bg4 12. Bxc6 bxc6 13. Nbd2 Nf4 14. h3 Bh5
15. Qb3 Bxf3 16. Nxf3 Rfb8 17. Qe3 Ne6 18. b3 a5 19. Rec1 Rb6 20. h4 c5 21.
dxc5 Rb4 22. c6 d4 23. Qh6 Rd8 24. Rd1 Qf8 25. Qxf8+ Kxf8 26. Rd2 d3 27. Rc1
Rd5 28. g3 Nc5 29. Rcd1 a4 30. bxa4 Rxa4 31. Ng5 h6 32. Nh7+ Kg7 33. Nf6 Rxe5
34. Nd7 Rf5 35. Nxc5 Rxc5 36. Rxd3 Rxa2 37. Rf3 Rxc6 38. Rd7 Rf6 39. Rxf6 Kxf6
1/2-1/2

[Event "FIDE Grand Swiss Tournament 2019"]
[Site "Douglas ENG"]
[Date "2019.10.18"]
[Round "8"]
[White "Bu, Xiangzhi"]
[Black "Alekseev, Evgeny"]
[Result "1/2-1/2"]
[WhiteElo "2721"]
[BlackElo "2629"]
[PlyCount "83"]
[EventDate "2019.10.10"]

1. Nf3 c5 2. c4 Nc6 3. d4 cxd4 4. Nxd4 e6 5. Nb5 d6 6. Bf4 e5 7. Bg3 Be7 8. e3
Be6 9. Be2 Nh6 10. O-O Nf5 11. Nd2 g6 12. Ne4 O-O 13. h3 d5 14. cxd5 Bxd5 15.
Nbc3 Nxg3 16. Nxg3 Be6 17. Qa4 Qa5 18. Qxa5 Nxa5 19. Rfd1 Rfd8 20. Bf3 Rac8 21.
Nge2 f5 22. Bd5 Kf7 23. b3 Bb4 24. e4 Ke7 25. Bxe6 Rxd1+ 26. Rxd1 Kxe6 27. Nd5
Bd6 28. exf5+ gxf5 29. f4 Rc2 30. fxe5 Bxe5 31. Nef4+ Bxf4 32. Nxf4+ Ke5 33.
Nd3+ Ke6 34. Nb4 Rb2 35. Rd4 Nc6 36. Nxc6 bxc6 37. Ra4 Ke5 38. Rxa7 Ke4 39. a4
Rxb3 40. Rxh7 Ra3 41. Ra7 c5 42. h4 1/2-1/2

[Event "FIDE Grand Swiss Tournament 2019"]
[Site "Douglas ENG"]
[Date "2019.10.18"]
[Round "8"]
[White "Deac, Bogdan-Daniel"]
[Black "Shankland, Sam"]
[Result "1-0"]
[WhiteElo "2613"]
[BlackElo "2705"]
[PlyCount "151"]
[EventDate "2019.10.10"]

1. c4 e6 2. Nf3 d5 3. d4 Nf6 4. g3 dxc4 5. Bg2 a6 6. O-O Nc6 7. e3 Rb8 8. Nfd2
e5 9. Bxc6+ bxc6 10. dxe5 Ng4 11. Nxc4 Be6 12. Nbd2 Bb4 13. Qe2 Bxd2 14. Bxd2
h5 15. f3 h4 16. fxg4 hxg3 17. hxg3 Qd5 18. Rf3 Qxc4 19. Qxc4 Bxc4 20. Bc3 Bd5
21. Raf1 Bxf3 22. Rxf3 Rd8 23. Rf4 Rd1+ 24. Kg2 Rdh1 25. e6 R8h2+ 26. Kf3 Rf1+
27. Ke4 Rxf4+ 28. gxf4 Kf8 29. e7+ Kxe7 30. Bxg7 Ke6 31. Be5 Rg2 32. g5 Rf2 33.
a4 c5 34. Kd3 Kf5 35. e4+ Kg4 36. Kc4 Re2 37. Kxc5 Rxe4 38. a5 c6 39. Bd6 Rxf4
40. Bxf4 Kxf4 41. Kb6 Kxg5 42. Kxa6 f5 43. Kb6 f4 44. a6 f3 45. a7 f2 46. a8=Q
f1=Q 47. Qxc6 Qf4 48. Qc5+ Kg4 49. b4 Qb8+ 50. Kc6 Qc8+ 51. Kb5 Qb7+ 52. Kc4
Kh3 53. b5 Qf7+ 54. Qd5 Qc7+ 55. Kd3 Kh2 56. Qh5+ Kg3 57. Qg6+ Kh2 58. b6 Qd7+
59. Kc3 Qh3+ 60. Kb2 Qh8+ 61. Kb1 Qf8 62. Qc2+ Kg1 63. Qd1+ Kh2 64. Qe2+ Kg1
65. Qe1+ Kh2 66. Qh4+ Kg1 67. Qg4+ Kh2 68. b7 Qd6 69. Qe2+ Kg3 70. Qb2 Qb8 71.
Qc3+ Kh4 72. Qc8 Qe5 73. b8=Q Qe1+ 74. Qc1 Qe4+ 75. Qc2 Qe1+ 76. Kb2 1-0

[Event "FIDE Grand Swiss Tournament 2019"]
[Site "Douglas ENG"]
[Date "2019.10.18"]
[Round "8"]
[White "Amin, Bassem"]
[Black "Vocaturo, Daniele"]
[Result "1/2-1/2"]
[WhiteElo "2699"]
[BlackElo "2620"]
[PlyCount "109"]
[EventDate "2019.10.10"]

1. e4 e6 2. Qe2 c5 3. Nf3 Nc6 4. g3 g6 5. Bg2 Bg7 6. O-O Nge7 7. c3 O-O 8. Na3
d5 9. e5 f6 10. d4 cxd4 11. cxd4 Nf5 12. Nc2 Qb6 13. Rd1 Bd7 14. g4 Nfe7 15.
exf6 Bxf6 16. Be3 Bg7 17. Qd2 Rac8 18. b3 Qc7 19. h3 Nd8 20. Nce1 Nf7 21. Nd3
Nc6 22. Rac1 b6 23. Rc2 Qb7 24. Rdc1 Ne7 25. Bf1 Rxc2 26. Rxc2 Rc8 27. Nde5
Nxe5 28. Nxe5 Rxc2 29. Qxc2 Be8 30. f4 Nc6 31. Nf3 Qe7 32. Bb5 Nxd4 33. Nxd4
Bxd4 34. Bxd4 Bxb5 35. Qc8+ Be8 36. Qb8 e5 37. Bxe5 Kf7 38. Kg2 Qd7 39. Kf2 d4
40. Ke1 h5 41. Kd2 hxg4 42. hxg4 Ke6 43. a4 Kd5 44. Bxd4 Ke4 45. Qe5+ Kf3 46.
g5 Bf7 47. Qe3+ Kg4 48. Kc3 Qe6 49. Qxe6+ Bxe6 50. Be5 a6 51. Kb4 Bd7 52. Bc7
b5 53. a5 Kf5 54. Kc5 b4 55. Kxb4 1/2-1/2

[Event "FIDE Grand Swiss Tournament 2019"]
[Site "Douglas ENG"]
[Date "2019.10.19"]
[Round "9"]
[White "Aronian, Levon"]
[Black "Anton Guijarro, David"]
[Result "1/2-1/2"]
[WhiteElo "2758"]
[BlackElo "2674"]
[PlyCount "122"]
[EventDate "2019.10.10"]

1. e4 e5 2. Nf3 Nc6 3. Bc4 Bc5 4. c3 Nf6 5. d3 d6 6. O-O a5 7. Re1 O-O 8. h3 h6
9. Nbd2 Be6 10. Bb5 Qb8 11. Nf1 Qa7 12. d4 exd4 13. Bxc6 dxc3 14. Ba4 Bxf2+ 15.
Kh2 Bxe1 16. Qxe1 d5 17. Be3 c5 18. e5 Ne4 19. bxc3 f5 20. exf6 Rxf6 21. Bc2
Qb8+ 22. Kh1 Bxh3 23. N3d2 Bf5 24. Nxe4 Bxe4 25. Bxe4 dxe4 26. Bxc5 Qe5 27. Bd4
Qh5+ 28. Kg1 Rf4 29. Qd1 Qxd1 30. Rxd1 b5 31. a3 Rc8 32. Ne3 Rf7 33. Rb1 Rb7
34. Kf2 Kh7 35. Nc2 Rc6 36. Rh1 Rf7+ 37. Kg1 Rfc7 38. Rh3 g5 39. Re3 Re7 40.
Re1 Kg6 41. Rb1 Rb7 42. Kf2 h5 43. Ke3 Rbc7 44. Kxe4 Rxc3 45. Bxc3 Rxc3 46. Ne3
Rxa3 47. Rxb5 h4 48. Rb8 Ra4+ 49. Ke5 Rb4 50. Rg8+ Kh5 51. Rd8 a4 52. Kf6 Rb6+
53. Kf5 Rb5+ 54. Nd5 Kh6 55. Kg4 a3 56. Rd6+ Kg7 57. Nc7 Ra5 58. Ne6+ Kf6 59.
Nxg5+ Ke5 60. Nf7+ Ke4 61. Rd1 Ra4 1/2-1/2

[Event "FIDE Grand Swiss Tournament 2019"]
[Site "Douglas ENG"]
[Date "2019.10.19"]
[Round "9"]
[White "Carlsen, Magnus"]
[Black "Caruana, Fabiano"]
[Result "1/2-1/2"]
[WhiteElo "2876"]
[BlackElo "2812"]
[PlyCount "50"]
[EventDate "2019.10.10"]

1. c4 e5 2. Nc3 Nf6 3. Nf3 Nc6 4. e4 Bc5 5. Nxe5 Nxe5 6. d4 Bb4 7. dxe5 Nxe4 8.
Qf3 Nxc3 9. bxc3 Ba5 10. Bf4 O-O 11. O-O-O Qe7 12. Kb2 Rb8 13. Bd3 b5 14. cxb5
Bb7 15. Qh3 g6 16. Qe3 Rfe8 17. Rhe1 Bc6 18. a4 a6 19. Bg5 Bxc3+ 20. Kxc3 Qa3+
21. Kd2 Qb4+ 22. Ke2 Qg4+ 23. Kd2 Qb4+ 24. Ke2 Qg4+ 25. Kd2 Qb4+ 1/2-1/2

[Event "FIDE Grand Swiss Tournament 2019"]
[Site "Douglas ENG"]
[Date "2019.10.19"]
[Round "9"]
[White "Alekseenko, Kirill"]
[Black "Anand, Viswanathan"]
[Result "1/2-1/2"]
[WhiteElo "2674"]
[BlackElo "2765"]
[PlyCount "62"]
[EventDate "2019.10.10"]

1. e4 e5 2. Nf3 Nc6 3. Bc4 Bc5 4. O-O Nf6 5. d3 O-O 6. h3 d5 7. exd5 Nxd5 8.
Re1 Be6 9. c3 Bb6 10. Bb3 Qd7 11. Na3 Rad8 12. Nc4 f6 13. d4 exd4 14. Nxb6 cxb6
15. Nxd4 Bf7 16. Nxc6 bxc6 17. Qf3 Rfe8 18. Rd1 Qc8 19. Bd2 Ne7 20. Bc2 Bg6 21.
Ba4 b5 22. Bb3+ Bf7 23. Be3 a6 24. Rxd8 Rxd8 25. Bc5 Ng6 26. Bc2 Ne5 27. Qe4
Bg6 28. Bb3+ Kh8 29. Qe2 Nd3 30. Bb6 Re8 31. Be3 c5 1/2-1/2

[Event "FIDE Grand Swiss Tournament 2019"]
[Site "Douglas ENG"]
[Date "2019.10.19"]
[Round "9"]
[White "Maghsoodloo, Parham"]
[Black "Karjakin, Sergey"]
[Result "1/2-1/2"]
[WhiteElo "2664"]
[BlackElo "2760"]
[PlyCount "87"]
[EventDate "2019.10.10"]

1. c4 Nf6 2. Nf3 e6 3. g3 d5 4. Bg2 dxc4 5. Qa4+ Nbd7 6. Qxc4 a6 7. a4 Bd6 8.
a5 O-O 9. O-O Rb8 10. Qc2 b5 11. Nd4 Bb7 12. Bxb7 Rxb7 13. Nc6 Qa8 14. d4 Nb8
15. e4 Nxc6 16. Qxc6 Be7 17. f3 Ra7 18. Qc3 b4 19. Qc4 c5 20. dxc5 Nd7 21. Be3
Nxc5 22. Nd2 Rd7 23. Bxc5 Bxc5+ 24. Qxc5 Rxd2 25. Rf2 Rxf2 26. Kxf2 b3 27. Rc1
h6 28. Ke2 g5 29. Rc4 Qd8 30. Qb6 g4 31. Qxd8 gxf3+ 32. Kxf3 Rxd8 33. Ke2 Kg7
34. Rc6 Kf6 35. Rxa6 Rc8 36. Kd3 Rc2 37. Rb6 Rxb2 38. Kc3 Rxh2 39. Rxb3 Ra2 40.
Kb4 Ke5 41. Ra3 Rb2+ 42. Kc3 Rb8 43. Ra4 Rg8 44. a6 1/2-1/2

[Event "FIDE Grand Swiss Tournament 2019"]
[Site "Douglas ENG"]
[Date "2019.10.19"]
[Round "9"]
[White "Kovalev, Vladislav"]
[Black "Nakamura, Hikaru"]
[Result "0-1"]
[WhiteElo "2661"]
[BlackElo "2745"]
[PlyCount "62"]
[EventDate "2019.10.10"]

1. e4 c5 2. Nf3 Nc6 3. Bb5 g6 4. Bxc6 bxc6 5. O-O Bg7 6. Re1 Nh6 7. c3 O-O 8.
h3 f5 9. e5 Nf7 10. d4 cxd4 11. cxd4 Bb7 12. Nc3 c5 13. dxc5 e6 14. Be3 g5 15.
Nh2 Bxe5 16. Bd4 Bxh2+ 17. Kxh2 Qc7+ 18. Kg1 e5 19. Be3 f4 20. Bc1 Qxc5 21.
Qxd7 Rab8 22. Qg4 Rfd8 23. h4 Rd3 24. Ne4 Bxe4 25. Rxe4 Rbd8 26. Re1 Qd4 27. a4
Rd1 28. Qe2 Rxe1+ 29. Qxe1 Qd1 30. Kf1 Qc2 31. Bxf4 gxf4 0-1

[Event "FIDE Grand Swiss Tournament 2019"]
[Site "Douglas ENG"]
[Date "2019.10.19"]
[Round "9"]
[White "Vitiugov, Nikita"]
[Black "Wang, Hao"]
[Result "1/2-1/2"]
[WhiteElo "2732"]
[BlackElo "2726"]
[PlyCount "155"]
[EventDate "2019.10.10"]

1. e4 c5 2. Nf3 d6 3. d4 cxd4 4. Nxd4 Nf6 5. Nc3 a6 6. a4 g6 7. Be2 Bg7 8. O-O
O-O 9. Be3 Nc6 10. Qd2 Bd7 11. Rfd1 Ng4 12. Bxg4 Bxg4 13. f3 Be6 14. Nd5 Bxd5
15. exd5 Nxd4 16. Bxd4 Bxd4+ 17. Qxd4 Rc8 18. Rd2 Qa5 19. c3 Rfe8 20. Kf2 b5
21. b4 Qd8 22. axb5 axb5 23. Re2 Rc4 24. Qd3 Qc7 25. Ra3 Rc8 26. Re3 Qb7 27. h3
h5 28. Kg1 h4 29. Qd2 Kg7 30. Qe1 R8c7 31. Rd3 Qc8 32. Qe3 Qf5 33. Ra5 Qf6 34.
Ra3 g5 35. Kf2 g4 36. hxg4 Rxg4 37. Kf1 Rg3 38. Ra2 Rg4 39. Kg1 Rgc4 40. Ra3
Qg6 41. Kf1 Qf5 42. Kg1 Qf6 43. Kh1 Rc8 44. Kg1 R8c7 45. Kh1 Qg6 46. Ra2 Qg3
47. Re2 Rc8 48. Qa7 Rh8 49. Kg1 h3 50. Rd4 Qg5 51. Qxe7 Qxe7 52. Rxe7 Rxc3 53.
gxh3 Rxf3 54. Rb7 Rhxh3 55. Rg4+ Kf6 56. Kg2 Ke5 57. Rxb5 f5 58. Rg8 Rb3 59.
Rb6 Rhd3 60. Re8+ Kf4 61. Re2 Rxd5 62. Rf2+ Ke4 63. Rb8 f4 64. Rf8 Rg5+ 65. Kh2
f3 66. Re8+ Kf4 67. Rf8+ Kg4 68. Rh8 Rxb4 69. Rh3 Rb3 70. Rg3+ Kf4 71. Rxg5
Kxg5 72. Kg3 Rd3 73. Rf1 Kf5 74. Re1 d5 75. Re8 Rc3 76. Re7 d4 77. Re8 Ra3 78.
Re7 1/2-1/2

[Event "FIDE Grand Swiss Tournament 2019"]
[Site "Douglas ENG"]
[Date "2019.10.19"]
[Round "9"]
[White "McShane, Luke J"]
[Black "So, Wesley"]
[Result "1/2-1/2"]
[WhiteElo "2682"]
[BlackElo "2767"]
[PlyCount "45"]
[EventDate "2019.10.10"]

1. e4 e5 2. Nf3 Nc6 3. Nc3 Nf6 4. Bb5 Nd4 5. Bc4 Bc5 6. Nxe5 Qe7 7. Nf3 d5 8.
Bxd5 Bg4 9. d3 O-O-O 10. Be3 Nxd5 11. Nxd5 Rxd5 12. exd5 Re8 13. O-O Bxf3 14.
gxf3 Qh4 15. f4 Bd6 16. Bxd4 Bxf4 17. Kg2 Qxh2+ 18. Kf3 Qh3+ 19. Kxf4 Qh2+ 20.
Kf3 Qh3+ 21. Kf4 Qh2+ 22. Kf3 Qh3+ 23. Kf4 1/2-1/2

[Event "FIDE Grand Swiss Tournament 2019"]
[Site "Douglas ENG"]
[Date "2019.10.19"]
[Round "9"]
[White "Yu, Yangyi"]
[Black "Adhiban, Baskaran"]
[Result "1/2-1/2"]
[WhiteElo "2763"]
[BlackElo "2639"]
[PlyCount "119"]
[EventDate "2019.10.10"]

1. e4 c6 2. Nf3 d5 3. Nc3 dxe4 4. Nxe4 Nf6 5. Qe2 Nxe4 6. Qxe4 Be6 7. b3 Nd7 8.
Bc4 Nf6 9. Qe2 Bd5 10. O-O Bxf3 11. Qxf3 e6 12. a4 a5 13. Bb2 Be7 14. Rad1 O-O
15. Qg3 Ne8 16. Rfe1 Bf6 17. d4 Qd6 18. Bd3 Qxg3 19. hxg3 Nc7 20. Be4 h5 21.
Bf3 g6 22. g4 hxg4 23. Bxg4 Rfd8 24. c3 Kg7 25. g3 Rd7 26. Kg2 Nd5 27. Bf3 Rc8
28. Bxd5 cxd5 29. Ra1 Rd6 30. Rab1 Rb6 31. Ba1 g5 32. g4 Kg6 33. Re3 Rh8 34.
Ree1 Rc8 35. Re3 Bg7 36. Ree1 Rbc6 37. Bb2 b5 38. axb5 Rb6 39. Rec1 Rxb5 40.
Ba3 a4 41. bxa4 Ra5 42. Bb4 Rxa4 43. Ra1 Rca8 44. Rxa4 Rxa4 45. Rb1 Bf6 46. Rb3
Bd8 47. Ra3 Rxa3 48. Bxa3 Ba5 49. Bb4 Bb6 50. f3 Kf6 51. Kf1 e5 52. dxe5+ Kxe5
53. Ke2 Ke6 54. Kd3 Ba7 55. Ba3 Bb6 56. c4 dxc4+ 57. Kxc4 f5 58. Bc1 Bd8 59.
Kd3 Be7 60. Be3 1/2-1/2

[Event "FIDE Grand Swiss Tournament 2019"]
[Site "Douglas ENG"]
[Date "2019.10.19"]
[Round "9"]
[White "Grischuk, Alexander"]
[Black "Shirov, Alexei"]
[Result "1-0"]
[WhiteElo "2759"]
[BlackElo "2664"]
[PlyCount "103"]
[EventDate "2019.10.10"]

1. e4 e6 2. d4 d5 3. Nc3 Nf6 4. e5 Nfd7 5. f4 c5 6. Nf3 Nc6 7. Be3 cxd4 8. Nxd4
Qb6 9. Qd2 Qxb2 10. Rb1 Qa3 11. Bb5 Nxd4 12. Bxd4 a6 13. Bxd7+ Bxd7 14. Rb3 Qe7
15. Rxb7 Rc8 16. O-O Qd8 17. Rf3 Rc4 18. Ne2 Qc8 19. Rb2 Bc5 20. h3 O-O 21. Kh2
f6 22. exf6 gxf6 23. Bxc5 Rxc5 24. Rg3+ Kh8 25. Nd4 Rg8 26. Rbb3 Rxg3 27. Rxg3
Qf8 28. Qe3 Rc4 29. Nxe6 Qe7 30. Ng5 Qe8 31. Qb6 Rc6 32. Qd4 Qe7 33. c3 Be8 34.
Nf3 Bf7 35. Qd2 Rb6 36. Nd4 Bg6 37. f5 Bf7 38. Qf4 Bg8 39. Re3 Qd6 40. Qxd6
Rxd6 41. Re7 Rd8 42. Rc7 a5 43. a4 Re8 44. Kg3 Re1 45. Rc5 Kg7 46. Kf2 Rc1 47.
Ne2 Rc2 48. Ke3 h5 49. h4 Ra2 50. Rxa5 Bh7 51. Rxd5 Rxa4 52. Nf4 1-0

[Event "FIDE Grand Swiss Tournament 2019"]
[Site "Douglas ENG"]
[Date "2019.10.19"]
[Round "9"]
[White "Robson, Ray"]
[Black "Svidler, Peter"]
[Result "1/2-1/2"]
[WhiteElo "2670"]
[BlackElo "2729"]
[PlyCount "94"]
[EventDate "2019.10.10"]

1. e4 c6 2. d4 d5 3. e5 c5 4. dxc5 e6 5. a3 Bxc5 6. Nf3 Ne7 7. Bd3 Ng6 8. b4
Be7 9. Bb2 a5 10. b5 a4 11. O-O Nf4 12. c4 Nd7 13. cxd5 Nc5 14. d6 Nfxd3 15.
dxe7 Qxe7 16. Bd4 b6 17. Nbd2 Bb7 18. Nc4 O-O 19. Bxc5 Nxc5 20. Qd6 Qxd6 21.
Nxd6 Bxf3 22. gxf3 f6 23. exf6 Rxf6 24. Ne4 Rxf3 25. Nxc5 bxc5 26. Rfc1 Rc8 27.
Rc4 Rb3 28. Rxa4 Rxb5 29. Ra6 Kf7 30. Re1 Rb3 31. Raxe6 Rxa3 32. Re7+ Kf8 33.
Rb7 Ra6 34. Ree7 Rg6+ 35. Kf1 h6 36. Rf7+ Kg8 37. Rfc7 Rxc7 38. Rxc7 Rg5 39. f4
Rf5 40. Kg2 Kh7 41. Kf3 Kg6 42. Ke4 Rh5 43. f5+ Kf6 44. Rc6+ Kf7 45. Rxc5 Rxh2
46. Rc7+ Kg8 47. f6 gxf6 1/2-1/2

[Event "FIDE Grand Swiss Tournament 2019"]
[Site "Douglas ENG"]
[Date "2019.10.19"]
[Round "9"]
[White "Le, Quang Liem"]
[Black "Hovhannisyan, Robert"]
[Result "1/2-1/2"]
[WhiteElo "2708"]
[BlackElo "2639"]
[PlyCount "93"]
[EventDate "2019.10.10"]

1. d4 d5 2. Nf3 Nf6 3. c4 c6 4. e3 Bg4 5. h3 Bh5 6. Nc3 e6 7. g4 Bg6 8. Ne5
Nbd7 9. Nxg6 hxg6 10. Bd2 Bb4 11. cxd5 Nxd5 12. e4 Nxc3 13. bxc3 Ba5 14. Bg2 e5
15. O-O O-O 16. f4 exf4 17. Rxf4 c5 18. Kh1 Rc8 19. Rf2 Bb6 20. Bf4 cxd4 21.
cxd4 Rc4 22. Rd2 Re8 23. Rc1 Rxc1 24. Qxc1 Nf8 25. Be3 Ne6 26. e5 Re7 27. Qa3
Bxd4 28. Rxd4 Nxd4 29. Bxd4 Rd7 30. Bc5 Rd3 31. Qxa7 Qh4 32. Bf2 Rxh3+ 33. Bxh3
Qxh3+ 34. Kg1 Qxg4+ 35. Kh2 Qe2 36. Qb8+ Kh7 37. Kg3 Qd3+ 38. Kg2 Qd5+ 39. Kg1
Qxa2 40. Qxb7 Qa1+ 41. Kg2 Qxe5 42. Qxf7 Qe4+ 43. Kh2 Qe5+ 44. Bg3 Qe2+ 45. Kg1
Qd1+ 46. Kg2 Qe2+ 47. Kg1 1/2-1/2

[Event "FIDE Grand Swiss Tournament 2019"]
[Site "Douglas ENG"]
[Date "2019.10.19"]
[Round "9"]
[White "Kryvoruchko, Yuriy"]
[Black "Xiong, Jeffery"]
[Result "1/2-1/2"]
[WhiteElo "2669"]
[BlackElo "2708"]
[PlyCount "64"]
[EventDate "2019.10.10"]

1. e4 e5 2. Nf3 Nc6 3. Bb5 Nf6 4. O-O Nxe4 5. Re1 Nd6 6. Nxe5 Be7 7. Bf1 Nf5 8.
Nf3 O-O 9. d4 d5 10. c3 Bd6 11. Bd3 Re8 12. Rxe8+ Qxe8 13. Na3 a6 14. Nc2 h6
15. Nfe1 Nce7 16. g3 f6 17. Ng2 g5 18. f4 Ng7 19. fxg5 fxg5 20. Nce3 Kh8 21.
Bd2 Be6 22. Qe2 Qh5 23. Qf2 Ng8 24. Rf1 Rf8 25. Qe1 Nf6 26. Qb1 Qh3 27. Rf2
Ngh5 28. Nf1 Rg8 29. Qe1 Bd7 30. c4 dxc4 31. Bxc4 Re8 32. Re2 Rxe2 1/2-1/2

[Event "FIDE Grand Swiss Tournament 2019"]
[Site "Douglas ENG"]
[Date "2019.10.19"]
[Round "9"]
[White "Vidit, Santosh Gujrathi"]
[Black "Tari, Aryan"]
[Result "1-0"]
[WhiteElo "2718"]
[BlackElo "2630"]
[PlyCount "79"]
[EventDate "2019.10.10"]

1. Nf3 Nf6 2. c4 c5 3. d4 cxd4 4. Nxd4 e6 5. g3 d5 6. Bg2 e5 7. Nf3 d4 8. O-O
Nc6 9. e3 Be7 10. exd4 exd4 11. Bf4 O-O 12. Ne5 Qb6 13. Re1 Be6 14. Nd2 Rfd8
15. Qb3 Qa6 16. Nxf7 Kxf7 17. Rxe6 Kxe6 18. c5+ Kd7 19. Bf1 d3 20. Bxd3 Nd4 21.
Bxa6 Nxb3 22. Bb5+ Kc8 23. Nxb3 Nd5 24. Re1 a5 25. Be5 Bf6 26. Bd6 a4 27. Nd2
a3 28. bxa3 Rxa3 29. Bf1 b5 30. cxb6 Rxa2 31. Nc4 Bd4 32. Rb1 Rxd6 33. Nxd6+
Kb8 34. Ne4 Nxb6 35. Rd1 Ra4 36. Ng5 h6 37. Ne6 Bf6 38. Rb1 Ka7 39. Rc1 Re4 40.
Nxg7 1-0

[Event "FIDE Grand Swiss Tournament 2019"]
[Site "Douglas ENG"]
[Date "2019.10.19"]
[Round "9"]
[White "Lupulescu, Constantin"]
[Black "Wojtaszek, Radoslaw"]
[Result "1/2-1/2"]
[WhiteElo "2643"]
[BlackElo "2748"]
[PlyCount "64"]
[EventDate "2019.10.10"]

1. e4 c5 2. Nf3 d6 3. Bb5+ Nd7 4. c3 Ngf6 5. Bd3 g6 6. O-O Bg7 7. Bc2 e5 8. d4
exd4 9. cxd4 O-O 10. Nc3 cxd4 11. Qxd4 Nb6 12. Qd1 Be6 13. Re1 a6 14. Bb3 Bxb3
15. Qxb3 Nbd7 16. Bf4 Nc5 17. Qc2 Ne6 18. Be3 Rc8 19. Rad1 Qc7 20. h3 Rfe8 21.
Qb1 b5 22. a3 Nc5 23. Bd4 Qc6 24. e5 dxe5 25. Bxe5 Ncd7 26. Bd4 Rxe1+ 27. Rxe1
Re8 28. Rxe8+ Nxe8 29. Qe4 Qxe4 30. Nxe4 f5 31. Nc3 Nd6 32. b3 Bh6 1/2-1/2

[Event "FIDE Grand Swiss Tournament 2019"]
[Site "Douglas ENG"]
[Date "2019.10.19"]
[Round "9"]
[White "Abdusattorov, Nodirbek"]
[Black "Bu, Xiangzhi"]
[Result "1/2-1/2"]
[WhiteElo "2608"]
[BlackElo "2721"]
[PlyCount "60"]
[EventDate "2019.10.10"]

1. e4 e5 2. Nf3 Nf6 3. Nxe5 d6 4. Nf3 Nxe4 5. Nc3 Nxc3 6. dxc3 Be7 7. Be3 Nc6
8. Qd2 Be6 9. O-O-O Qd7 10. Kb1 Bf6 11. Bg5 Bxg5 12. Nxg5 O-O-O 13. Nxe6 Qxe6
14. Bb5 Qf5 15. Bd3 Qf6 16. f4 d5 17. Rhe1 h5 18. Re2 h4 19. Qe3 d4 20. cxd4
Rxd4 21. g3 hxg3 22. hxg3 Rhd8 23. Red2 a6 24. c3 R4d6 25. Be4 Rxd2 26. Rxd2
Rxd2 27. Qxd2 Ne7 28. Qd3 c6 29. Kc2 Kc7 30. a3 g5 1/2-1/2

[Event "FIDE Grand Swiss Tournament 2019"]
[Site "Douglas ENG"]
[Date "2019.10.19"]
[Round "9"]
[White "Harikrishna, Pentala"]
[Black "Durarbayli, Vasif"]
[Result "1-0"]
[WhiteElo "2748"]
[BlackElo "2617"]
[PlyCount "137"]
[EventDate "2019.10.10"]

1. d4 Nf6 2. c4 e6 3. g3 c5 4. d5 exd5 5. cxd5 d6 6. Nc3 g6 7. Bg2 Bg7 8. Nf3
O-O 9. O-O Re8 10. Re1 a6 11. a4 Nbd7 12. Bf4 Ng4 13. a5 Qe7 14. Na4 Rb8 15.
Rb1 Nge5 16. b4 cxb4 17. Bd2 b5 18. Nb2 Nc5 19. Bxb4 Bf5 20. Nxe5 Qxe5 21. e4
Nxe4 22. g4 Nxf2 23. Rxe5 Nxd1 24. Rxe8+ Rxe8 25. Rxd1 Bxg4 26. Rd2 Re1+ 27.
Kf2 Rb1 28. Nd3 Bd4+ 29. Kg3 Bf5 30. Bxd6 Rb3 31. Bf1 Be4 32. Kf4 Bxd5 33. Be5
Bg1 34. Bf6 h6 35. Ke5 Bc4 36. h4 Kh7 37. Ke4 Be6 38. Ke5 Rb1 39. Bg2 Bh2+ 40.
Nf4 Rc1 41. Rd8 Rc8 42. Rxc8 Bxc8 43. Bd5 Kg8 44. Ke4 Kf8 45. Kf3 Bg1 46. Nd3
g5 47. h5 g4+ 48. Kg3 Be3 49. Ne5 Bd2 50. Nxf7 Bxa5 51. Nxh6 Be1+ 52. Kg2 b4
53. Nf7 Bc3 54. Ne5 Bf5 55. h6 a5 56. Bb3 Ke8 57. Kg3 Bd2 58. Nc4 Kf7 59. Bg7
Be1+ 60. Kf4 Bh7 61. Nxa5+ Ke7 62. Kxg4 Kd6 63. Nb7+ Ke7 64. Nc5 Bc3 65. Na4
Be1 66. Nb6 Bd3 67. Nd5+ Kd6 68. Bf8+ Ke5 69. Bxb4 1-0

[Event "FIDE Grand Swiss Tournament 2019"]
[Site "Douglas ENG"]
[Date "2019.10.19"]
[Round "9"]
[White "Jobava, Baadur"]
[Black "Amin, Bassem"]
[Result "1/2-1/2"]
[WhiteElo "2617"]
[BlackElo "2699"]
[PlyCount "86"]
[EventDate "2019.10.10"]

1. d4 Nf6 2. c4 g6 3. Nc3 Bg7 4. e4 d6 5. f3 O-O 6. Be3 c5 7. Nge2 Nc6 8. Qd2
Qa5 9. O-O-O e5 10. dxc5 dxc5 11. Kb1 Nd4 12. Nc1 a6 13. h4 h5 14. Bg1 b5 15.
Bh2 Re8 16. Nd3 Nd7 17. Nd5 Qd8 18. Qg5 Bb7 19. Qxd8 Raxd8 20. Nc7 Re7 21. Nd5
Ree8 22. Ne1 f5 23. Nc7 Re7 24. cxb5 axb5 25. Nxb5 fxe4 26. Nd6 Nf6 27. Bc4+
Kh7 28. Nxb7 Rxb7 29. Bxe5 Re8 30. Bxd4 cxd4 31. a4 Rd8 32. Bb5 e3 33. Nd3 Ne8
34. Nc5 Rb6 35. Rhe1 Nc7 36. Bd3 Nd5 37. Bb5 Nc7 38. Rxe3 Nxb5 39. Rb3 Rd5 40.
Ne4 Nc3+ 41. Rxc3 dxc3 42. Rxd5 Rxb2+ 43. Kc1 Rxg2 1/2-1/2

[Event "FIDE Grand Swiss Tournament 2019"]
[Site "Douglas ENG"]
[Date "2019.10.20"]
[Round "10"]
[White "Caruana, Fabiano"]
[Black "Anton Guijarro, David"]
[Result "1-0"]
[WhiteElo "2812"]
[BlackElo "2674"]
[PlyCount "115"]
[EventDate "2019.10.10"]

1. c4 e5 2. Nc3 Nc6 3. Nf3 g6 4. d4 exd4 5. Nxd4 Bg7 6. Nxc6 dxc6 7. Qxd8+ Kxd8
8. Bg5+ Ke8 9. O-O-O Be6 10. e4 Bh6 11. Bxh6 Nxh6 12. Be2 Ke7 13. b3 f6 14. h4
Nf7 15. f4 h5 16. Bf3 a5 17. Rhe1 Bg4 18. Bxg4 hxg4 19. g3 Rad8 20. Rxd8 Kxd8
21. Rh1 Ke7 22. Kd2 b6 23. Nd1 a4 24. Nf2 axb3 25. axb3 Ra8 26. h5 Ra2+ 27. Ke3
gxh5 28. Rxh5 Rb2 29. Nxg4 Rxb3+ 30. Kf2 Rb2+ 31. Kf1 Rb1+ 32. Ke2 Rb2+ 33. Kf3
Rb3+ 34. Kg2 Rb2+ 35. Kh3 Rb1 36. Rf5 Nd6 37. Rxf6 Nxe4 38. Rg6 Rh1+ 39. Kg2
Rc1 40. Ne5 Rc2+ 41. Kh3 c5 42. Kg4 Nd6 43. f5 Nxc4 44. Re6+ Kd8 45. Nxc4 Rxc4+
46. Kg5 Rc3 47. g4 c4 48. Kf6 Rg3 49. g5 c3 50. g6 b5 51. g7 b4 52. Kf7 Rxg7+
53. Kxg7 c2 54. Re1 b3 55. f6 b2 56. f7 c1=Q 57. f8=Q+ Kd7 58. Qf5+ 1-0

[Event "FIDE Grand Swiss Tournament 2019"]
[Site "Douglas ENG"]
[Date "2019.10.20"]
[Round "10"]
[White "Nakamura, Hikaru"]
[Black "Aronian, Levon"]
[Result "1/2-1/2"]
[WhiteElo "2745"]
[BlackElo "2758"]
[PlyCount "61"]
[EventDate "2019.10.10"]

1. e4 e5 2. Nf3 Nc6 3. Bb5 Nf6 4. d3 Bc5 5. c3 d5 6. exd5 Qxd5 7. Bc4 Qd6 8. b4
Bb6 9. a4 O-O 10. Nbd2 Bf5 11. Ba3 e4 12. dxe4 Nxe4 13. Nxe4 Bxe4 14. Qxd6 cxd6
15. O-O-O Rac8 16. Bb3 Rfd8 17. Bxf7+ Kxf7 18. Ng5+ Kg6 19. Nxe4 d5 20. Nc5
Bxc5 21. bxc5 Na5 22. Kc2 Nc4 23. Kb3 Nxa3 24. Kxa3 Rxc5 25. Rd3 b5 26. a5 Rb8
27. Rb1 Rbc8 28. Kb3 Rb8 29. Ka3 Rbc8 30. Kb3 Rb8 31. Ka3 1/2-1/2

[Event "FIDE Grand Swiss Tournament 2019"]
[Site "Douglas ENG"]
[Date "2019.10.20"]
[Round "10"]
[White "Carlsen, Magnus"]
[Black "Matlakov, Maxim"]
[Result "1-0"]
[WhiteElo "2876"]
[BlackElo "2716"]
[PlyCount "159"]
[EventDate "2019.10.10"]

1. d4 Nf6 2. c4 e6 3. Nf3 d5 4. Nc3 c6 5. Bg5 h6 6. Bh4 dxc4 7. e4 g5 8. Bg3 b5
9. h4 g4 10. Ne5 Nbd7 11. Be2 Bb7 12. Nxd7 Qxd7 13. Be5 Qe7 14. b3 Rg8 15. Qc2
b4 16. Na4 c3 17. a3 Nd7 18. Bg3 Bg7 19. Rd1 a5 20. O-O Bf6 21. Nc5 Nxc5 22.
dxc5 e5 23. Rd6 Bxh4 24. Bc4 Bg5 25. Qd3 Rg6 26. f4 exf4 27. Bxf4 Bxf4 28. Rxf4
c2 29. Qxc2 Rxd6 30. cxd6 Qxd6 31. e5 Qc5+ 32. Kh1 Qe3 33. Qf5 Kd8 34. Qxf7 Kc8
35. axb4 Qxe5 36. Qf8+ Kc7 37. Rf7+ Kb6 38. bxa5+ Qxa5 39. Qe7 Qh5+ 40. Kg1
Ra1+ 41. Bf1 Qxf7 42. Qxf7 Ba6 43. Qf2+ Kb7 44. Qd4 Rxf1+ 45. Kh2 h5 46. Qc5
Rb1 47. Qxh5 Kb6 48. Qxg4 Rxb3 49. Qg8 Rd3 50. g4 Rd5 51. g5 Bd3 52. g6 Bxg6
53. Qxg6 Kc7 54. Qf7+ Kb8 55. Kg3 Rg5+ 56. Kf4 Rd5 57. Qf8+ Kb7 58. Qb4+ Kc7
59. Ke4 Kc8 60. Qb6 Kd7 61. Qb7+ Kd6 62. Qc8 Kc5 63. Qb8 Rh5 64. Kf4 Rd5 65.
Kg4 Kc4 66. Qb6 Rd4+ 67. Kf5 c5 68. Qa5 Rd5+ 69. Ke6 Rd4 70. Qa4+ Kc3 71. Qa3+
Kc4 72. Qa5 Rd3 73. Qa4+ Kc3 74. Qa3+ Kc4 75. Qc1+ Kb4 76. Qb2+ Kc4 77. Qc2+
Kd4 78. Kd6 c4 79. Qf2+ Re3 80. Qd2+ 1-0